Statistics for Artemis Fowl Ultimate Film Quiz

Click here to take the quiz!

General Stats

  • This quiz has been taken 44 times
  • The average score is 6 of 7

Answer Stats

HintAnswer% Correct
The butler of the fowlsDomovoi Butler
93%
The fairy who worked with Artemis Fowl jr. and helped him in saving Artemis' fatherOfficer Holly Short
93%
The nephew of the butlerJuliet Butler
90%
Artemis Fowl Jr.'s FatherArtemis Fowl Senior
88%
The kleptomaniac dwarf who is bigger than everybody of his speciesMulch Diggums
88%
Artemis Fowl Jr.'s MotherAngeline Fowl
69%
The fairy who worked with Artemis Fowl jr.'s father and helped him in concealing the aculosBeechwood Short
33%

Score Distribution

Percentile by Number Answered

Percent of People with Each Score

Your Score History

You have not taken this quiz